Пиноккио модон хүүгийн үлгэр (Бичлэгийн дугаар. 1070842)

MARC дэлгэрэнгүй
000 -Удирдлага
Ном зүйн бүртгэл тоо буюу кодлох утгыг агуулсан 00838nam a22002177a 4500
008 - ЕРӨНХИЙ МЭДЭЭЛЭЛ-ЭЛЕМЕНТҮҮДИЙН ӨГӨГДЛИЙН УРТ
fixed length control field 240702b mp ||||| |||| 00| 0 mon d
035 ## - СИСТЕМИЙН ХЯНАЛТЫН ДУГААР
Системийн хяналтын дугаар 13255
040 ## - ЭХ СУРВАЛЖИЙГ ТОДОРХОЙЛОН БИЧИХ
Анхны каталогийн байгууллага SU1322070
Каталогийн хэл Монгол
Бичлэг хийж нэвтрүүлэх байгууллага MN-UlNLM
Өөрчлүүлэх байгууллага MN-UlNLM
Бичиглэлийн тодорхойлолт rda
041 ## - ХЭЛНИЙ КОД
Текстийн хэлний код/фонограм буюу салангид гарчиг Монгол
042 ## - AUTHENTICATION CODE
Authentication code 34405
084 ## - БУСАД АНГИЛЛЫН ДУГААР
Ангиллын нэр Номын сан номзүйн ангилал
Анги 84.8(0)
Зохиогчийн 3-н тэмдэгт К-606
100 ## - ЗОХИОГЧИЙН ХЭСЭГ
Зохиогчийн нэр Коллоди К.
245 #0 - ҮНДСЭН ГАРЧИГ
Гарчиг Пиноккио модон хүүгийн үлгэр
264 ## - ГАРАЛТЫН МЭДЭЭ
Хэвлэгдсэн газар УБ
Бүтээгч, хэвлэгч, түгээгч, үйлдвэрлэгчийн нэр Хөх дэвтэр
Хэвлэгдсэн он 2010
300 ## - ТООНЫ МЭДЭЭ
Хуудасны тоо 190х.
336 ## - АГУУЛГЫН ТӨРӨЛ
Нөөц rdacontent
Агуулгын төрлийн нөхцөл text
Агуулгын төрлийн код txt
337 ## - MEDIA TYPE
Эх сурвалж rdamedia
Файлын төрөл unmediated
Файлын код n
338 ## - CARRIER TYPE
Source rdacarrier
Carrier type term volume
Carrier type code nc
650 ## - Сэдэв
Сэдэв Анх черри гэгч мужаан хүүхэд шиг инээж, уйлдаг модны тайрдас олсноос бүх зүйл эхэлсэн гэдэг Черриэнэ тайрдсаа бүжиглэж, сэлэм ...
942 ## - ЭЛЕМЕНТИЙН ТӨРӨЛ
Анги Номын сан номзүйн ангилал
Төрөл Ном
Захиалгууд
Буцаан татагдсан төлөв Хасагдсан шалтгаан Гэмтсэн төлөв Данс заагч Захиалах боломжгүй Үндсэн номын сан Одоогийн байршил Салбар танхим Салбар танхим Бүртгэсэн огноо Тавиурын заалт Баркод Үнэ Хамгийн сүүлд байсан огноо Нийт уншлаганд гарсан тоо Дансны дугаар Төрөл
          Сүхбаатар аймаг Сүхбаатар аймаг Сүхбаатар | Нийтийн уншлагын танхим Сүхбаатар | Нийтийн уншлагын танхим 2024-07-05 84.8(0) К-606 SU13213255-3-1 8000.00 2024-07-05   44399 Ном
          Сүхбаатар аймаг Сүхбаатар аймаг Сүхбаатар | Хүүхдийн уншлагын танхим Сүхбаатар | Хүүхдийн уншлагын танхим 2024-07-05 84.8(0) К-606 SU13213255-4-1 8000.00 2024-07-05   44397 Ном
          Сүхбаатар аймаг Сүхбаатар аймаг Сүхбаатар | Хүүхдийн уншлагын танхим Сүхбаатар | Хүүхдийн уншлагын танхим 2024-07-05 84.8(0) К-606 SU13213255-4-2 8000.00 2024-07-05   44398 Ном